Catálogo - Centro de Recursos para el Aprendizaje y la Investigación

Volver al Sitio - CRAI Biblioteca

Literatura infantil y juvenil de España : selección OEPLI, 2018 = Children´s and Young Literature from Spain: OEPLIs selection, 2018 / (Registro nro. 49836)

Detalles MARC
000 -CABECERA
campo de control de longitud fija 01562nam a22003017a 4500
001 - NÚMERO DE CONTROL
campo de control 49836
003 - IDENTIFICADOR DEL NÚMERO DE CONTROL
campo de control DR-UNIBE
005 - FECHA Y HORA DE LA ÚLTIMA TRANSACCIÓN
campo de control 20250901091102.0
008 - DATOS DE LONGITUD FIJA--INFORMACIÓN GENERAL
campo de control de longitud fija 200306b2019 sp ||||| |||| 00| 0 spa d
040 ## - FUENTE DE LA CATALOGACIÓN
Centro catalogador/agencia de origen BIBLIOTECA UNIBE
Centro/agencia transcriptor BIBLIOTECA UNIBE
041 ## - CÓDIGO DE LENGUA
Código de lengua del texto/banda sonora o título independiente spa
090 ## - LOCALMENTE ASIGNADO TIPO-LC NÚMERO DE CLASIFICACIÓN (OCLC); NÚMERO DE CLASIFICACIÓN LOCAL (RLIN)
Número de clasificación (OCLC) (R) ; Numero de clasificación, CALL (RLIN) (NR) FBIU-OEPLI NF L776 2018
245 ## - MENCIÓN DE TÍTULO
Título Literatura infantil y juvenil de España : selección OEPLI, 2018 = Children´s and Young Literature from Spain: OEPLIs selection, 2018 /
Mención de responsabilidad, etc. Llerena Perozo Porteiro y Alicia Lombán Pazos ; revisión editorial: Mercedes Pacheco Vázquez ; traducción: Roi Pérez Vila ; maquetación: Nieves Ozores Núñez ; producción: Ana Cedán Doce ; introducción; Xosé A. Perozo : ilustración de cubierta: Paloma Corral
260 ## - PUBLICACIÓN, DISTRIBUCIÓN, ETC.
Lugar de publicación, distribución, etc. Madrid :
Nombre del editor, distribuidor, etc. Organización Española para el Libro Infantil y Juvenil (OEPLI),
Fecha de publicación, distribución, etc. 2019
300 ## - DESCRIPCIÓN FÍSICA
Extensión 108 páginas :
Otras características físicas fotos ;
Dimensiones 21 x 21 cm
500 ## - NOTA GENERAL
Nota general incluye índice. La ilustradora es Premio Lazarillo de Album Ilustrado 2018
653 ## - TÉRMINO DE INDIZACIÓN--NO CONTROLADO
Término no controlado Literatura infantil española - Catálogos
653 ## - TÉRMINO DE INDIZACIÓN--NO CONTROLADO
Término no controlado Literatura juvenil española - Catálogos
653 ## - TÉRMINO DE INDIZACIÓN--NO CONTROLADO
Término no controlado Promocion de la lectura - España
700 ## - PUNTO DE ACCESO ADICIONAL--NOMBRE DE PERSONA
Nombre de persona Perozo Porteira, Llerena
Término indicativo de función/relación coordinador y editor
9 (RLIN) 62093
700 ## - PUNTO DE ACCESO ADICIONAL--NOMBRE DE PERSONA
Nombre de persona Lombán Pazos, Alicia
Término indicativo de función/relación coordinador y editor
9 (RLIN) 62094
700 ## - PUNTO DE ACCESO ADICIONAL--NOMBRE DE PERSONA
Nombre de persona Pacheco Vázquez, Mercedes
Término indicativo de función/relación corrector
9 (RLIN) 198816
700 ## - PUNTO DE ACCESO ADICIONAL--NOMBRE DE PERSONA
Nombre de persona Pérez Vila, Roi
Término indicativo de función/relación traductor
9 (RLIN) 62097
700 ## - PUNTO DE ACCESO ADICIONAL--NOMBRE DE PERSONA
Nombre de persona Ozores Núñez, Nieves
Término indicativo de función/relación maquetador
9 (RLIN) 62087
700 ## - PUNTO DE ACCESO ADICIONAL--NOMBRE DE PERSONA
Nombre de persona Cendán Doce, Ana
Término indicativo de función/relación Productor
9 (RLIN) 62088
700 ## - PUNTO DE ACCESO ADICIONAL--NOMBRE DE PERSONA
Nombre de persona Perozo, Xosé A.
Término indicativo de función/relación introducción
9 (RLIN) 62090
942 ## - ELEMENTOS DE PUNTO DE ACCESO ADICIONAL (KOHA)
Fuente del sistema de clasificación o colocación Sistema de Clasificación Decimal Dewey
Tipo de ítem Koha Libro (general)
Existencias
Estado de retiro Estado de pérdida Fuente del sistema de clasificación o colocación No para préstamo Código de colección Localización permanente Fecha de adquisición Total de préstamos Signatura topográfica completa Código de barras Fecha visto por última vez Número de copia Precio válido a partir de Tipo de ítem Koha
  Disponible Sistema de Clasificación Decimal Dewey No se presta Fondo Bibliográfico IBBY-UNIBE Biblioteca Central UNIBE 06/03/2020   FBIU-OEPLI NF L776 2018 FBIU0392 06/03/2020 Ej.1 06/03/2020 Libro (reserva)